Географічні відкриття, дослідження і дослідники (Запис № 320827)

МАРК-запис
000 -Лідер
fixed length control field 00947nam a22002897a 4500
001 - Контрольний номер
control field 34396
003 - Ідентифікатор контрольного номера
control field UA-OsUOA
005 - Дата та час останнього входження (трансакції)
control field 20190822122846.0
007 - Фіксоване поле фізичного опису
fixed length control field ta
008 - Елементи даних фіксованої довжини – загальна інформація
fixed length control field 20051003b un ||||| |||| 00| 0 ukr d
020 ## - Міжнародний стандартний книжковий номер (ISBN)
Міжнародний стандартний книжковий номер (ISBN) (НП) 5-330-00326-1
040 ## - Джерело каталогізації
Агенція оригінальної каталогізації UA-OsUOA
Мова каталогізації ukr
Агенція, яка здійснювала перезапис UA-OsUOA
Агенція, яка здійснювала модифікацію UA-OsUOA
041 ## - Код мови
Код мови тексту/ звукової доріжки чи окремого заголовка (П) ukr
080 ## - Індекс Універсальної десяткової класифікації
Індекс Універсальної десяткової класифікації (УДК) (НП) 91
090 ## - Локальний шифр розміщення
Класифікаційний індекс УДК 91
Авторський знак (НП) Г15
100 ## - Основне введення – ім’я особи
Ім’я особи (НП) Галицький В. І.
245 ## - Відомості про назву
Назва (НП) Географічні відкриття, дослідження і дослідники
Решта назви (НП) Календар-довідник
Дані про відповідальність (НП) Галицький В. І., Галицька Н. Ф.
260 ## - Публікація, розповсюдження і т.п. (Вихідні дані)
Місце публікації, розповсюдження і т.п. (П) К.
Дата публікації, розповсюдження і т.п. (П) 1988
Ім’я/ наймення видавництва, розповсюджувача і т.п. (П) Рад. шк.
300 ## - Фізичний опис
Обсяг 239 с.
Інші фізичні характеристики (НП) іл.
504 ## - Примітка про бібліографію і т.п.
Примітка про бібліографію і т.п. Бібліогр.: с. 224-226
650 #7 - Додаткове предметне введення – тематичний термін
Тематичний термін чи географічна назва, як елемент введення (НП) 9 Географія. Біографії. Історія
Джерело заголовка чи терміна UDC
700 ## - Додаткове введення – ім'я особи
Ім’я особи (НП) Галицька Н. Ф.
942 ## - Додаткові елементи входу (Коха)
Тип елемента Koha Книги
Source of classification or shelving scheme Universal Decimal Classification
955 ## - Код типу видання за змістом
Код типу видання за змістом (НП) Навчальні видання
Фонди
Стан вилучень Стан втрат Джерело класифікації або схеми стелажів Стан уражень Не для кредиту Постійне місце розташування Поточне розміщення Дата придбання Вартість, звичайна ціна покупки Інвентарний номер Усього замовленно Повний номер виклику Штрих-код Дата останнього перегляду Ціна ефективна від Тип елемента Koha
    Universal Decimal Classification     ЧЗ - Читальна зала ЧЗ - Читальна зала 03/11/2004 3.00 72360   91 Г15 72360 07/02/2022 03/11/2004 Книги
    Universal Decimal Classification     ЧЗ - Читальна зала ЧЗ - Читальна зала 03/10/2005   72725   91 Г15 72725 07/02/2022 03/10/2005 Книги